| 000 | 01068cam a2200241 4500 | ||
|---|---|---|---|
| 001 | ABS64858 | ||
| 008 | 020107n2001 000 0 eng u | ||
| 035 | _a(Sirsi) u116152 | ||
| 100 | _aHemsley, A. | ||
| 245 | _aContract working | ||
| 260 | _c2001 | ||
| 490 |
_aBuilding _v266(8210) 16 November 2001, 68(1) |
||
| 520 | _aThe construction industry is trying to find better ways of performing on projects which have ultimately depended on the old style JCT contract. Recent innovations have introduced the new ECC and PPC2000 versions. However, with the emphasis on more long term collaboration it is essential to get the right people operating them. | ||
| 590 | _aABS | ||
| 650 | _aCONSTRUCTION INDUSTRY | ||
| 650 | _aCONSTRUCTION PROJECTS | ||
| 650 | _aBUILT ENVIRONMENT-BUILDING CONTRACT FORMS | ||
| 650 | _aBUILT ENVIRONMENT-BUILDING CONTRACT FORMS-STANDARD FORMS OF BUILDING CONTRACT-JOINT CONTRACTS TRIBNUAL CONTRACTS | ||
| 650 | _aENGINEERING CONTRACTS | ||
| 650 | _aPPC2000 | ||
| 690 | _aBUILT ENVIRONMENT-BUILDING CONTRACT FORMS | ||
| 942 | _n0 | ||
| 999 |
_c69189 _d69189 |
||